MDQL
is popping MORE tags! Check the
thread
!
Quizzes
Events
Quiz Creation
Community
Videos
Private Events
Remove Ads
Sign In
Join for FREE
Feedback
Dark Mode
Quiz Categories
Sports
Geography
Music
Movies
Television
Just For Fun
Miscellaneous
History
Literature
Language
Science
Gaming
Entertainment
Religion
Holiday
For Kids
Quiz Lab
Recent
Popular Today
Quiz Kudos Today
Editor Picks
Curator Picks
Quizzes by...
Day
Popularity
Type
Ratings
Length
Year
Community
Subscriptions
Recent Discussions
Orange Saloon
Badges
Playlists
Quests
Create
Leaderboards
Showdown
Live 5
Trivia Bingo
Activity
Puzzle Library
Sporcle Events
Private Events
Virtual Trivia
Globe League
Become a Host
Pub Owners
SporcleCon
Opinionation
Our Games
Videos
Blog
Mobile Apps
Partnerships
Remove Ads and Go Orange
Feedback
History
US Presidents
World Leaders
Politics
Nation
Discovery
War
Decade
Year
Century
Biography
Art
History
US Presidents
World Leaders
Politics
Nation
Discovery
War
Decade
Year
Century
Biography
Art
Random Quiz
Search Sporcle
×
Quiz Lab
Quiz Lab
History
Nationality
Type in answers that appear in a list
Type in answers that appear in a list
Classic
Best Score? Go Orange.
NAQT You Gotta Know These Economists Stats
Can you name the NAQT You Gotta Know These Economists?
By
chris862
3m
10 Questions
118 Plays
118 Plays
118 Plays
Comments
Comments
Give Quiz Kudos
Give Quiz Kudos
-
- Ratings
hide this ad
More Info
Forced Order
Answers have to be entered in order
Answers have to be entered in order
Random Order
Randomize order of answers
Randomize order of answers
Replay
Link that replays current quiz
Next Quiz
Link to next quiz in quiz playlist
You Got
0%
They Got
Avg Score
54%
Avg Friend Score
Upgrade to see
Score Distribution
Jump to the score distribution portion of the page
Score
0/10
Timer
03:00
0
Plays Today
Nationality and Time Period
Economist
% Correct
1723-
1790. Scottish philosopher and economist.
Adam Smith
89.8%
1818-
1883. German economist, historian, and social philosopher
Karl Marx
86.4%
1883-
1946. English economist.
John Maynard Keynes
77.1%
1912-
2006. American economist.
Milton Friedman
69.5%
1772-
1823. English economist.
David Ricardo
59.3%
1857-
1929. American economist (of Norwegian heritage).
Thorstein Veblen
43.2%
1908-
2006. Canadian economist.
John Kenneth Galbraith
37.3%
1806-
1873. British economist and social philosopher.
John Stuart Mill
30.5%
1842-
1924. English economist.
Alfred Marshall
27.1%
1694-
1774. French economist.
Francois Quesnay
22%
Quiz Playlist
Details
Report
Send in Message
Add To Playlist
More Info:
Name and regnal number are required on all answers.
Classic:
Type in answers that appear in a list
Forced Order:
Answers have to be entered in order
Random Order:
Randomize order of answers
Quiz Source
Last Updated: Jun 5, 2017
Quiz Scoreboard
CHALLENGE
Sign Up to Join the Scoreboard
Show All
Scores
Hide
Comments
May contain spoilers
Recently Published
Find the 'City' Movie
by crazypaving
Movies
60s
5x2 Blitz: Bands
by SL_Kpop136
Music
30s
Colored Red Africa Blitz
by spor1
Geography
30s
More to Explore
Quiz From the Vault
Featured Blog Post
14 Easter Pick-up Lines to Find Eggs With
hide this ad
You Might Also Like...
Tags
description
economist
Nationality
Period
Today's Top Quizzes in History
Browse History
hide this ad
Today's Top Quizzes in Nationality
Browse Nationality
Top Contributed Quizzes in History
1
Popular People in 1991
2
US National Parks Named After People
3
Popular People in 1951
4
Order Up: 1000 Years of World Events I
5
Popular People in 1941
6
Popular People in 1981
7
Popular People in 1986
8
Popular People in 1921
9
Popular People in 1976
10
Magic 10 Blitz: U.S. Presidents
Explore More
Trending Topics
Crossword
Marvel
Harry Potter
Anime
NBA
Disney
Kpop
Soccer
Song
WWE
The Office
Puzzle
Country
NFL
Pokémon
hide this ad
More By:
chris862
Quiz
Plays
Rating
Category
Featured
Created
Periodic Table Names And Symbols 101-118
167
2.00
Science
Apr 30, 2017
Periodic Table Names And Symbols 1-20
157
5.00
Science
Apr 30, 2017
NAQT You Gotta Know These Economists
118
History
Jun 2, 2017
Periodic Table Names And Symbols 81-100
99
Science
Apr 30, 2017
NAQT You Gotta Know These Kings of France
93
History
Jun 5, 2017
Go to Creator's Profile
Score Distribution
Quiz Creator Spotlight
chris862
Follow
Send a Message
Quizzes Created
-
Created Quiz Play Count
-
More By This Creator
Popular Quizzes Today
1
Colored Red Africa Blitz
2
Find the US States - No Outlines Minefield
3
Find the 'City' Movie
4
5x2 Blitz: Bands
5
The Countries of the World
6
Find the US States
7
US States
8
9x9 Crossword: Cartoon Network
More History Quizzes
100 Years of History - New Zealand
Editor's Pick
Trending Quizzes
Colored Red Europe Blitz I
Colored Red Europe Blitz II
Colored Red Africa Blitz II
Colored Red Africa Blitz III
Colored Red Europe Blitz III
Recently Updated
Godzilla Movies
pecheneg
Grab Bag: 4-10 Letters
pecheneg
2024 March Madness Bracket
pecheneg
Famous TV Couples
Peacemaker
Champions League XIs: Real Madrid
pecheneg
Largest US Cities 1790-2010
pecheneg
Rides in Walt Disney World
pecheneg
Most Oscar Losses (Acting)
pecheneg
Beyoncé Albums
pecheneg
Leaping Animals
pecheneg
Trending Topics
Disney
Kpop
Crossword
Harry Potter
Marvel
Anime
NBA
WWE
Song
Soccer
NFL
The Office
Pokémon
Puzzle
Country
Your Account Isn't Verified!
In order to create a playlist on Sporcle, you need to verify the email address you used during registration. Go to your
Sporcle Settings
to finish the process.
Report this User
Report this user for behavior that violates our
Community Guidelines
.
Details:
Send Report
Go to the Sporcle.com Mobile Site →
Comments